مكتبة جامعة عجلون الوطنية

فهرس بحث المكتبة

Normal view MARC view
  • التربية و التعليم-بحث

Entry Topical Term

Number of records used in: 1

001 - CONTROL NUMBER

  • control field: 32505

003 - CONTROL NUMBER IDENTIFIER

  • control field: JO-AjAnu

005 - DATE AND TIME OF LATEST TRANSACTION

  • control field: 20230606075449.0

008 - FIXED-LENGTH DATA ELEMENTS

  • fixed length control field: 230606|| aca||aabn | a|a d

040 ## - CATALOGING SOURCE

  • Original cataloging agency: JO-AjAnu
  • Transcribing agency: JO-AjAnu

150 ## - HEADING--TOPICAL TERM

  • Topical term or geographic name entry element: التربية و التعليم-بحث

670 ## - SOURCE DATA FOUND

  • Source citation: Work cat.: (JO-AjAnu)16698: جابر،جابر عبد الكريم مؤلف/كاظم،أحمد خيري م.مشارك, author 32504, مناهج البحث في التربية وعلم النفس